Fußball-Bundesliga: Alle Spieler mit mind. 10 Saisonvorlage seit 12/13 - Statistiken

Allgemein
  • Dieses Quiz wurde 412 mal gespielt
  • Das Durchschnittsergebnis liegt bei 50 aus 71
Antwortstatistiken
Verein Nationalität Vorlagen Spieler % Korrekt
Borussia Dortmund GER 10 Marco Reus
97%
Borussia Dortmund GER 14 Marco Reus
97%
Borussia Dortmund GER 13 Marco Reus
97%
FC Bayern München GER 14 Thomas Müller
97%
FC Bayern München GER 12 Thomas Müller
97%
FC Bayern München GER 14 Thomas Müller
97%
FC Bayern Müchen GER 10 Thomas Müller
97%
FC Bayern München GER 13 Thomas Müller
97%
FC Bayern München GER 11 Thomas Müller
97%
FC Bayern München GER 20 Thomas Müller
97%
FC Bayern München GER 16 Thomas Müller
97%
FC Bayern München GER 18 Thomas Müller
97%
FC Bayern München FRA 14 Franck Ribery
92%
FC Bayern München FRA 12 Franck Ribery
92%
Borussia Dortmund ENG 14 Jadon Sancho
88%
Borussia Dortmund ENG 16 Jadon Sancho
88%
Borussia Dortmund ENG 13 Jadon Sancho
88%
FC Bayern München GER 12 Joshua Kimmich
86%
FC Bayern München GER 12 Joshua Kimmich
86%
FC Bayern München GER 11 Joshua Kimmich
86%
RB Leipzig FRA 14 Christopher Nkunku
85%
RB Leipzig FRA 12 Christopher Nkunku
85%
FC Bayern München GER 10 Leroy Sane
85%
FC Bayern München GER 10 Serge Gnabry
85%
SC Freiburg ITA 10 Vincenzo Grifo
84%
Eintracht Frankfurt FRA 12 Randal Kolo Muani
83%
Borussia Dortmund POR 12 Raphael Guerreiro
83%
VfL Wolfsburg BEL 20 Kevin De Bruyne
82%
Bayer 04 Leverkusen GER 10 Florian Wirtz
81%
RB Leipzig SWE 18 Emil Forsberg
80%
FC Bayern München GER 11 Jamal Musiala
80%
Eintracht Frankfurt SER 10 Filip Kostic
79%
Eintracht Frankfurt SER 12 Filip Kostic
79%
Eintracht Frankfurt SER 13 Filip Kostic
79%
Borussia Mönchengladbach BEL 11 Thorgan Hazard
78%
Borussia Dortmund BEL 13 Thorgan Hazard
78%
Bayer 04 Leverkusen FRA 10 Moussa Diaby
76%
Bayer 04 Leverkusen FRA 12 Moussa Diaby
76%
FC Bayern München COL 11 James Rodriguez
75%
Borussia Dortmund MAR 10 Achraf Hakimi
73%
Borussia Mönchengladbach FRA 10 Alassane Plea
72%
FC Bayern München BRA 12 Douglas Costa
70%
Borussia Dortmund GER 13 Mario Götze
69%
1899 Hoffenheim BRA 11 Roberto Firmino
69%
1899 Hoffenheim BRA 10 Roberto Firmino
69%
Eintracht Frankfurt JAP 11 Daichi Kamada
68%
Borussia Dortmund FRA 13 Ousmane Dembele
68%
Borussia Mönchengladbach BRA 10 Raffael
66%
1. FC Köln AUT 11 Florian Kainz
65%
Borussia Dortmund ARM 17 Henrikh Mkhitaryan
64%
Borussia Mönchengladbach GER 12 Jonas Hofmann
64%
Hamburger SV NED 10 R. van der Vaart
64%
Borussia Mönchengladbach GER 11 Lars Stindl
60%
Bayer 04 Leverkusen GER 13 Julian Brandt
56%
Bayer 04 Leverkusen GER 11 Stefan Kießling
56%
Borussia Dortmund POL 12 Jakub Błaszczykowski
52%
SV Werder Bremen GER 10 Mitchell Weiser
51%
FC Bayern München GER 11 Philipp Lahm
51%
1899 Hoffenheim SPA 10 Angelino
50%
FC Schalke 04 ITA 10 Daniel Caligiuri
50%
Bayer 04 Leverkusen GER 10 Karim Bellarabi
49%
Bayer 04 Leverkusen GER 11 Karim Bellarabi
49%
SV Werder Bremen AUT 13 Zlatko Junuzovic
39%
Borussia Mönchengladbach GER 11 Max Kruse
33%
Borussia Mönchengladbach GER 10 Max Kruse
33%
1899 Hoffenheim GER 12 David Raum
28%
FC Augsburg GER 13 Philipp Max
21%
SV Werder Bremen GER 10 Aaron Hunt
20%
1. FC Nürnberg JAP 11 Hiroshi Kiyotake
20%
Eintracht Frankfurt JAP 10 Takashi Inui
17%
Bayer 04 Leverkusen GER 10 Gonzalo Castro
16%
Keine übereinstimmenden Quizze gefunden
Verteilung der Resultate
Anzahl Personen mit jedem Resultat
Perzentil nach korrekt beantworteten Fragen
Ihre Resultats-Entwicklung
Sie haben dieses Quiz noch nicht gespielt